Výbor z jeho básní

Bibliographic Details
Main Author: Polák, Milota Zdirad (Author)
Format: Book
Language:English
PhysicalDescription:36 s.
Published: Pacov Přemysl Plaček 1918

MARC

LEADER 00000nam a2200000 a 4500
001 vtls010265099
003 SK-MaSNL
005 20260302082018.0
008 240313 000 0 eng
040 |a SNK  |b slo  |c SNK  |e AACR2 
100 1 |a Polák, Milota Zdirad  |4 aut  |9 465149 
245 1 |a Výbor z jeho básní  |c Milota Zdirad Polák; Uspořádal Ot. Svoboda; Ornamentace této knížky kreslil V. H. Brunner 
260 |a Pacov  |b Přemysl Plaček  |c 1918  |e Tábor  |f Petr Frank 
300 |a 36 s. 
999 |c 1178639  |d 1180569 
952 |a SNK  |b SNK  |y VYP  |7 0  |p 17A0693440  |o snkID 62325  |i snkD 1435/74  |8 1  |3 rekatalogizácia  |0 0  |1 0  |4 0  |d 2011-03-19  |l 0  |r 2026-02-24 21:29:52  |w 2026-02-24